000 00688nab a2200193 4500
001 244442
003 OSt
005 20260115124247.0
007 tu
008 260115s2020|||||||
040 _aDE-2950
_cDE-2950
245 0 0 _aSven Hornauf rechnet nach Bruck mit SPD-BSW-Koalition ab
_bPolitik. Der BSW-Landtagsabgeordnete aus Frankfurt stand mehrfach vor dem Rauswurf aus seiner Fraktion - die Koalition zum Platzen brachten jetzt andere. Was er zum Aus sagt/
_cThomas Gutke
264 _c2025
653 _aFrankfurt (Oder)
653 _aBSW
653 _aSven Hornauf
773 0 _g37. Jahrgang (2026) Nr. 6 vom 08.01.2026 , S. 15 mit Foto
_tMärkische Oderzeitung
942 _2z
_cA
999 _c374199
_d374199